Central Library OPAC University of Rajshahi

School gardening in the tropics / (Record no. 14195)

MARC details
000 -LEADER
fixed length control field 00732nam a22002292 4500
001 - CONTROL NUMBER
control field 14195
003 - CONTROL NUMBER IDENTIFIER
rucl marc code BD-RjUL
005 - DATE AND TIME OF LATEST TRANSACTION
control field 20211208235603.0
008 - FIXED-LENGTH DATA ELEMENTS--GENERAL INFORMATION
fixed length control field 140205r19671949enka 000 0 eng d
035 ## - SYSTEM CONTROL NUMBER
System control number (BD-RjUL)14247
-- OCLC ocm13579055 from D980127M
040 ## - CATALOGING SOURCE
Original cataloging agency ITC
Transcribing agency ITC
Modifying agency BD-RjUL
Language of cataloging eng
041 ## - LANGUAGE CODE
Language code of text/sound track or separate title eng
082 04 - DEWEY DECIMAL CLASSIFICATION NUMBER
Edition number 21
Classification number 371.61
Author mark and year WIS 1967
100 1# - MAIN ENTRY--PERSONAL NAME
Personal name Williams, R. O.
Fuller form of name (Robert Orchard),
Dates associated with a name 1891-
9 (RLIN) 44332
245 10 - TITLE STATEMENT
Title School gardening in the tropics /
Statement of responsibility, etc. R.O. Williams.
250 ## - EDITION STATEMENT
Edition statement 3rd ed.
260 ## - PUBLICATION, DISTRIBUTION, ETC. (IMPRINT)
Place of publication, distribution, etc. New York ; London :
Name of publisher, distributor, etc. Longmans, Green & Co.,
Date of publication, distribution, etc. c1949 [impration 1967].
300 ## - PHYSICAL DESCRIPTION
Pagination 143 p. :
Illustrations ill. ;
Size 19 cm.
650 #0 - SUBJECT ADDED ENTRY--TOPICAL TERM
Topical term or geographic name as entry element School gardens.
9 (RLIN) 44333
Topical term or geographic name as entry element Gardening
General subdivision Study and teaching.
9 (RLIN) 44334
942 ## - ADDED ENTRY ELEMENTS (KOHA)
Source of classification or shelving scheme Dewey Decimal Classification
Koha item type Books
Holdings
Lost status Source of classification or shelving scheme Damaged status Not for loan Collection code Permanent Location Current Location Shelving location Date acquired Source of acquisition Cost, normal purchase price Total Checkouts Full call number Date last seen Copy number Koha item type
  Dewey Decimal Classification   Not For Loan Non-fiction Central Library, University of Rajshahi Central Library, University of Rajshahi Reading Room 07/01/2069 Zeitlinger 61.00   371.61 WIS 1967 05/02/2014 C-1 Books